[Event "RUS-chT 11th"]
[Site "Sochi"]
[Date "2004.04.21"]
[Round "2.2"]
[White "Grachev, Boris V"]
[Black "Lugovoi, Aleksei"]
[Result "1/2-1/2"]
[WhiteElo "2508"]
[BlackElo "2550"]
[Annotator "Mikhalevski,V"]
[PlyCount "100"]
[EventDate "2004.04.20"]
[EventType "team-tourn"]
[EventRounds "9"]
[EventCountry "RUS"]
[SourceTitle "EXT 2020"]
[Source "ChessBase"]
[SourceDate "2019.10.17"]
[SourceVersion "1"]
[SourceVersionDate "2019.10.17"]
[SourceQuality "1"]
[WhiteTeam "Togliatti Lada"]
[BlackTeam "Sankt Petersburg"]
[WhiteTeamCountry "RUS"]
[BlackTeamCountry "RUS"]

1. d4 Nf6 2. c4 e6 3. Nf3 d5 4. Nc3 c5 5. cxd5 Nxd5 6. e4 Nxc3 7. bxc3 cxd4 8.
cxd4 Bb4+ 9. Bd2 Bxd2+ 10. Qxd2 O-O 11. Bc4 Nc6 12. O-O b6 13. Rad1 Bb7 14.
Rfe1 Qf6 {A very rare line which is justified only in case of 15.e5? In the
earlier games white didn't have problems to obtain advantage.} (14... Rc8 {
is the main line.}) 15. e5 $2 {A serious positional mistake. Now the pawn
structure in the centre is damaged and the White will have to fight for a draw.
At the same time damage on the Black's kingside is not essential as White
can't exploit it.} (15. d5 $1 {which was analysed in CBM 95 by Tsesarsky is
the way to meet 14...Qf6. See the game 1-0 Tkachiev-Rausis, FRA-chT 2003.}) ({
White also won in a good style after} 15. Bb5 Rfd8 16. Bxc6 Bxc6 17. d5 exd5
18. e5 Qe7 19. Nd4 Bd7 20. f4 Rac8 21. f5 Rc4 22. f6 Qc5 23. Kh1 Be6 24. Qg5
Qf8 25. fxg7 Qe8 26. Nxe6 fxe6 27. Rf1 {1-0 Kelecevic-Bellini, Mendrision op
1986.}) 15... Qh6 $1 {It's much easier to exploit White's weaknesses at the
endgame.} (15... Qd8 {is also playable.}) 16. Qxh6 ({In the only preceding
game the White tried} 16. Ng5 {which looks suspicious and after} Nxd4 $1 17.
Nxf7 Qg6 18. Ng5 Rad8 {lost quickly. Nevertheless it seems that he could
defend better and keep an equality with 19.Qe3.} 19. Bd3 $6 (19. Qe3 $5) 19...
Nf5 20. Ne4 $2 (20. f4 {was necessary}) 20... Nh4 $1 21. Ng3 Qf7 $1 22. f3 Bxf3
$5 (22... Qxf3 $1) 23. Rf1 Nxg2 24. Qc1 (24. Qxg2 Bxg2 25. Rxf7 Rxf7 26. Bxh7+
(26. Kxg2 Rfd7) 26... Kxh7 27. Rxd8 Bd5 $19) 24... Qb7 25. Rd2 Nf4 {0-1 Yanin,
P-Kharitonov,A/Podolsk 1993/EXT 98 (25).}) 16... gxh6 $15 17. Bb3 {White
prepares d5.} ({An attempt to attack the kingside pawns doen't seem to reach
its goal:} 17. Re4 Rac8 18. Rg4+ Kh8 19. Rh4 Rfd8 $1 ({In case of} 19... Kg7 {
White can repeat the position.} 20. Rg4+ Kh8 21. Rh4)) ({Of course} 17. d5 $2 {
doesn't work in view of the typical} Na5 {and black wins a pawn.}) 17... Na5 $1
{Black's plan is simple. He's intending to trade the white bishop and then to
take advantage of his extra pawn on the queenside exploiting on the way
White's damaged structure in the centre.} ({Another way to stop d5 was} 17...
Ne7) 18. Nd2 Nxb3 ({Black could start with} 18... Rfc8 {but it doesn't seem to
change anything.}) 19. axb3 Bd5 {The best square for the bishop.} 20. Re3 {
White prepares Ne4.} ({An active defense} 20. Nc4 Rfc8 $1 {(leaving the other
rook on a8 to advance the a-pawn.)} (20... Rac8 21. Rc1 f6 $5 22. Nd6 Rxc1 23.
Rxc1 fxe5 24. dxe5 Bxb3 25. Rc7 $13) 21. Rc1 Rc6 {with the idea Rac8} 22. Nd6
Rxc1 23. Rxc1 Bxb3 24. Rc7 {is connected with a big risk:} a5 $1 25. Nxf7 a4
26. Nxh6+ Kf8 $5 (26... Kh8 27. Nf7+ Kg7 28. Nd6+ Kg6) 27. Rxh7 ({or} 27. Rf7+
Ke8 28. Rxh7 Ra5 29. Nf7 a3 30. Nd6+ Kf8 $19) 27... Ra5 28. Rf7+ Ke8 29. Rc7 a3
30. Rc1 a2 31. Ra1 Rb5 {and black wins.}) 20... Rfc8 $1 {Black takes control
over the important open c-file.} 21. Kf1 (21. Ne4 Bxe4 22. Rxe4 Rc3 23. Re3
Rac8 {with the idea Rxe3 followed by Rc3.}) 21... a5 $1 {Black wants to create
a passer on the a-file with b5 followed by a4.} 22. Ne4 Bxe4 23. Rxe4 b5 $5 (
23... Rc3 {is enough only for equality:} 24. Re3 Rac8 25. d5 (25. Ke2 Rxe3+ 26.
fxe3 Rc2+ 27. Rd2 Rxd2+ 28. Kxd2 f6 {leads to a complicated, but probably
equal pawn endgame.}) (25. Rdd3 $5) 25... Rxe3 (25... Rc1 26. Ree1) 26. fxe3
exd5 27. Rxd5 Rc3 28. Rb5 Rxe3 29. Kf2 Re4 {with equality.}) 24. d5 $1 {
It's time to trade a weak d4-pawn.} exd5 25. Rxd5 a4 26. bxa4 (26. Rxb5 a3 27.
Re1 a2 (27... Rc2 $5) 28. Ra1 Rc2) 26... bxa4 27. e6 $5 {White chooses an
active defense.} ({Also passive} 27. Rd2 {was enough for equality:} a3 (27...
Rc1+ 28. Ke2 Ra1 29. Rdd4 a3 30. Ra4 Rb8 31. Ra7 Rb2+ 32. Kf3) 28. Ra2 Rcb8 29.
Re3 Rb1+ 30. Ke2 Rb2+ 31. Rxb2 axb2 32. Rb3 Ra2 33. Rb8+ Kg7 34. Ke3 Kg6 35.
Ke4 b1=Q+ 36. Rxb1 Rxf2 {with equality.}) 27... Rc1+ 28. Ke2 fxe6 29. Rd7 $1 ({
In case of} 29. Rxe6 $4 a3 {the a-pawn is unstoppable.}) 29... Rc2+ (29... a3
30. Rg4+ Kf8 ({or} 30... Kh8 31. Rgg7) 31. Rgg7 a2 32. Rgf7+ {with a perpetual.
}) 30. Ke3 Rb8 $6 {Black's starting to play with fire.} ({It would be wiser to
force a draw by means of} 30... a3 31. Rg4+ Kh8 32. Rgg7 a2 33. Rxh7+ Kg8 $11)
31. Rxa4 ({Even better would be preliminary check} 31. Rg4+ $1 Kh8 32. Rxa4 (
32. Rgg7 {is also enough for a draw, but 32.Rxa4 brings a nominal advantage.}
Rb3+ 33. Ke4 Re2+ 34. Kf4 Rxf2+ 35. Ke4) 32... Rb3+ 33. Kd4 Rd2+ 34. Kc4 Rxd7
35. Kxb3 $11) 31... Rb3+ 32. Rd3 $2 {Of course White doesn't lose even after
this inaccurate move, but why to trade an active rook and to give up a pawn?} (
{After} 32. Kd4 {Black has to worry about his king, although a draw is still
easily reachable.} Rxf2 (32... Rb8 33. Raa7 (33. Ke5 $5) 33... Rxf2 34. Rg7+
Kf8 35. Rxh7 Rxg2) 33. Ra8+ Rf8 34. Raa7 (34. Rxf8+ Kxf8 35. Rxh7 Rb2 $11)
34... Rb4+ 35. Ke5 Rg4 36. g3 Rg6 {and Black keeps a draw.}) 32... Rxd3+ 33.
Kxd3 Rxf2 {Black obtained an extra pawn, but his chances to win the game are
tiny. Just some accuracy is still required.} 34. Rg4+ Kf7 35. Ke3 Rf5 36. Ra4
Rh5 37. h3 Re5+ 38. Kf4 Rf5+ 39. Ke3 h5 40. Ra7+ Kg6 41. Re7 {Attack is the
best method of defense. A draw is inevitable.} Re5+ 42. Kf4 Re1 43. Re8 Rf1+
44. Ke4 Kf7 45. Rh8 Kg7 46. Re8 Re1+ 47. Kf4 Re2 48. Kf3 Re5 49. Kf4 Rf5+ 50.
Ke4 Kf7 1/2-1/2

[Event "EU-chT (Men) 15th"]
[Site "Gothenburg"]
[Date "2005.08.01"]
[Round "3.3"]
[White "Gormally, Daniel"]
[Black "Lopez Martinez, Josep Manuel"]
[Result "1-0"]
[WhiteElo "2557"]
[BlackElo "2507"]
[Annotator "Mikhalevski,V"]
[PlyCount "61"]
[EventDate "2005.07.30"]
[EventType "team-swiss"]
[EventRounds "9"]
[EventCountry "SWE"]
[SourceTitle "CBM 109"]
[Source "ChessBase"]
[SourceDate "2005.11.14"]
[SourceVersion "1"]
[SourceVersionDate "2005.11.14"]
[SourceQuality "1"]
[WhiteTeam "England"]
[BlackTeam "Spain"]
[WhiteTeamCountry "ENG"]
[BlackTeamCountry "ESP"]

1. d4 d5 2. c4 e6 3. Nc3 Nf6 4. Nf3 c5 5. cxd5 Nxd5 6. e3 Nc6 7. Bc4 cxd4 8.
exd4 Be7 9. O-O O-O 10. Re1 Bf6 (10... Nf6 {would transpose to Paragua,
M-Bologan,V, FIDE Wch k. o. 2004/ CBM102 [Mikhalevski,V].}) 11. Ne4 Be7 {
A very rare continuation. It's not so clear why one should lose two tempi.} ({
Other options:} 11... h6 {Wahls,M-Doettling,F, Bundesliga 0203/ CBM 94 
[Tsesarsky]}) (11... Nce7 {1-0 Izoria,Z-Belov,V, Moscow Aeroflot op 2002/
CBM88 [Tsesarsky]}) (11... b6 {is a more popular continuation. Here is a
relatively recent example.} 12. a3 Bb7 13. Qd3 Nce7 $5 14. Bd2 Ng6 15. Rad1 Rc8
16. Neg5 Bxg5 17. Bxg5 Qc7 18. Rc1 Ndf4 19. Qe3 Qb8 {and Black solved all
opening problems. 1/2-1/2 Gavrikov,V-Johannessen,L/Goteborg SWE 2004/The Week
in Chess 480 (19).}) 12. a3 (12. Nc3 $6 Nxc3 13. bxc3 b6 14. Bd3 Bb7 15. h4
Bxh4 16. Nxh4 Qxh4 17. Be3 g6 {1/2-1/2 Lim Yee Weng-Antonio,R/Ho Chi Minh City
VIE 2003 (17).}) 12... b6 13. Qd3 Bb7 14. Ba2 {[%cal Gc1d2,Ga1d1,Ga2b1] Only
this move turns out to be new. White prepares regrouping of pieces by means of
Bd2; Rad1 and finally Bb1 creating a battery along the b1-h7 diagonal.} ({
In the only preceding game White played} 14. Bd2 Nf6 $1 {If Black lost two
tempi earlier than at least he can try to exchange the knights or to win a
tempo back.} 15. Ng3 Rc8 16. Rac1 Qd6 17. Ne2 Rfd8 18. Bf4 Qd7 19. Bb5 Qd5 20.
Nc3 {The knight made a full circle!} Qh5 21. Ba6 $1 Bxa6 22. Qxa6 Nd5 {1-0 San
Segundo Carrillo,P-Cruz Lopez Claret,C/San Sebastian 1999/EXT 2002 (55) and
Black shouldn't have many problems here.}) 14... Re8 15. Bd2 {Before placing
the lightsquared bishop on b1 White wants to develop his queenside.} Rc8 16.
Rad1 g6 {I believe Black could wait with this move at least untill Bb1.} 17. h4
$1 {A typical idea in these positions. White wants to weaken Black's pawn
structure on the kingside by means of h5.} Nb8 18. Neg5 {[%cal Gf3e5] An
additional idea behind 17.h4. White prepares a direct attack of the f7-pawn by
means of Ne5.} Bf6 19. h5 Rc7 {Black misses White's idea and gets under
decisive attack.} (19... Nd7 $1 {[%cal Gd7f8] Bringing the knight to f8 from
where it covers both the h7 and g6 squares.} 20. Bb1 Nf8 {with a solid
position for Black.}) 20. Bb1 {[%cal Gg5h7]} Rd7 $2 {For some reason Black
simply ignores the threat.} 21. Nxh7 $1 {After this typical piece sacrifice
White's attack is hardly stoppable.} Kxh7 22. hxg6+ Kg8 23. Bh6 $1 {[%cal
Gg6f7] Taking under control the important g7-square.} fxg6 24. Qxg6+ Kh8 25.
Ng5 $5 ({The immediate} 25. Qh5 $1 {was more precise.} Kg8 26. Ne5 $1 Rc7 27.
Rd3 $1 $18 {[%cal Gd3g3]}) 25... Ree7 26. Qh5 $5 ({Also} 26. Nxe6 {deserved
attention and after} Qg8 27. Bg7+ $1 Bxg7 (27... Rxg7 $2 28. Nxg7 Rxg7 29. Qh6+
$18) 28. Qh5+ Bh6 29. Qxh6+ Rh7 30. Bxh7 Rxh7 31. Qg5 $16) 26... Kg8 $2 {
A decisive mistake in a difficult position.} (26... Nf4 $1 {was necessary.
However after} 27. Qh2 e5 $1 28. Bf8+ Kg8 29. Bxe7 Qxe7 30. Ba2+ Bd5 31. Bxd5+
Rxd5 32. Ne4 $16 {White is still much better.}) 27. Nxe6 $18 {The rest is easy.
} Qe8 28. Bg6 Qc8 29. Rd3 {[%cal Gd3g3] White's threats are decisive.} Rxe6 30.
Rxe6 Re7 31. Rg3 {[%cal Gg6f7]} ({In according to Fritz8} 31. Rxe7 {leads to
mate in 4.}) 1-0

[Event "Olympiad-36"]
[Site "Mallorca"]
[Date "2004.10.28"]
[Round "13"]
[White "Kelly, Brian"]
[Black "Lima, Darcy Gustavo Macha"]
[Result "1/2-1/2"]
[WhiteElo "2494"]
[BlackElo "2533"]
[Annotator "Mikhalevski,V"]
[PlyCount "59"]
[EventDate "2004.10.15"]
[EventType "team-swiss"]
[EventRounds "14"]
[EventCountry "ESP"]
[SourceTitle "CBM 104"]
[Source "ChessBase"]
[SourceDate "2005.01.27"]
[SourceVersion "1"]
[SourceVersionDate "2005.01.27"]
[SourceQuality "1"]
[WhiteTeam "Ireland"]
[BlackTeam "Brazil"]
[WhiteTeamCountry "IRL"]
[BlackTeamCountry "BRA"]

1. c4 Nf6 2. d4 e6 3. Nc3 d5 4. cxd5 Nxd5 5. Nf3 c5 6. e4 Nxc3 7. bxc3 cxd4 8.
cxd4 Nc6 9. Bc4 b5 $5 {This move was introduced on the high level by nobody
else, but Fischer in his World Championship match vs Spassky in 1972. Since
then it got some popularity, but the main alternative is still 9...Bb4.} 10.
Bb3 {A rare retreat. The main point behind it is to support the break in the
centre by means of d5, but the position of the bishop on b3 allows Na5 which
is a serious drawback of 10.Bb3.} ({In a recent game which took place in the
US Championship White tested Spassky's} 10. Bd3 {However after} Bb4+ {he
suddenly payed} 11. Kf1 ({Usually white plays} 11. Bd2) 11... O-O 12. e5 {
[%cal Gd3h7]} Qd5 13. Rb1 Be7 14. h4 Ba6 15. Bg5 f6 16. Qc2 Nxd4 17. Nxd4 Qxd4
18. exf6 Bxf6 19. Be3 Qe5 20. Bxh7+ Kh8 21. Qe4 $14 {1/2-1/2 Shabalov,
A-Gurevich,D/San Diego USA 2004/The Week in Chess 526 (42). (42) and
eventually got a slight advantage.}) ({The main line is} 10. Be2 Bb4+ 11. Bd2
Bxd2+ (11... Qa5 12. Rb1 Bxd2+ 13. Qxd2 Qxd2+ 14. Kxd2 $16) 12. Qxd2 Rb8 (12...
a6) 13. d5 (13. Rc1 Ne7 14. O-O O-O 15. Rc5 Bb7 16. Qe3 a6 17. Rfc1 $14) 13...
exd5 14. exd5 Ne7 (14... Na5 15. Qe3+ Qe7 16. Qc3 $18) 15. d6 Nf5 16. Rd1 (16.
Bxb5+ $2 Kf8 $1 $11) 16... O-O 17. d7 Bb7 (17... Ba6 18. O-O $16) 18. O-O $16 {
1-0 Bacrot,E-Kortschnoj,V/Albert 1997/CBM 61/[Tsesarsky] (37). (36)}) 10...
Bb4+ 11. Bd2 Bxd2+ 12. Qxd2 O-O 13. O-O {The position similar to the main line
9...Bb4 has been arised. The only difference is including the moves b5 and Bb3.
} Bb7 {The main point of the early 9...b5. Black doesn't lose a tempo for
development of the light-squared bishop. In the main line Black usually plays
b6 with the same idea.} ({I believe} 13... Na5 $5 {deserved a serious
attention. This way he could avoid appearing of the white light-squared bishop
on d5.}) 14. d5 exd5 ({In the only earlier game Black played} 14... Na5 {
, but after} 15. dxe6 Nxb3 16. exf7+ Rxf7 17. Qxd8+ Rxd8 18. axb3 Bxe4 19. Ng5
Re7 20. Nxe4 Rxe4 21. Rxa7 {1-0 Rustemov,A-Feoktistov,A/Moscow 1994/CBM 43 ext
(45). (44) he lost a pawn. Nevertheless Black still obtains drawish chances.})
15. Bxd5 Na5 {A logical idea. Black trades the strong White's bishop and thus
simplifies defense.} 16. Rad1 (16. Rfb1 {looks strong, but Black saves the
b-pawn thanks to the weakness of the last rank.} Bxd5 17. Qxd5 $1 a6 18. a4 $1
Qxd5 19. exd5 Nc4 $1 20. h3 (20. axb5 axb5 21. Rxa8 Rxa8 22. Rxb5 $4 Ra1+)
20... Rab8 {and despite some pressure Black should be able to survive.}) 16...
Bxd5 (16... Qb6 $5 {delaying the exchange in order to consolidate his position
first.}) 17. exd5 {[%csl Gd5] White stakes on the d-pawn.} Nc4 {[%cal Gc4d6]
However Black doesn't seem to have problems to block it.} 18. Qd4 ({By means of
} 18. Qb4 $5 {White could advance the d-pawn to d6, but this idea is
double-edged as the pawn can become a target.} a6 19. d6) 18... Qd6 {Usually
queen is not the best blocker, but in this case the knight is strong c4 and so
Black prefers to leave it there.} 19. Rfe1 a6 {Consolidating his position on
the queenside.} 20. Ng5 {[%cal Gg5e4]} Rad8 ({Black could prevent advancing of
the d-pawn playing} 20... Qg6 $5 21. Ne4 Rad8 {and} 22. d6 {is impossible in
view of} f5 {[%csl Rd6]}) 21. Ne4 Qb6 $5 {Exchanging the queens black forces
the d-pawn forward and thus it will be easier to attack it. Exchange of queens
only helps Black in his task.} (21... Qg6 {could lead to 20...Qg6 by
transposition.}) 22. Qxb6 Nxb6 23. d6 Rfe8 $1 {It's important to trade a pair
of rook to reduce the danger of the d-pawn.} 24. Nc5 Rxe1+ 25. Rxe1 Kf8 26. Rd1
({Or} 26. Nxa6 Nc4 $1 (26... Rxd6 $2 {loses a pawn to} 27. Nc7 $1 {[%csl Rb5,
Rf8][%cal Ge1e8]}) 27. Nc7 Nxd6 $11) 26... Nc4 $1 {The same strategy. Black
wants to force the d-pawn to d7 and thus to get the e7-square for the king.}
27. d7 Ke7 $1 {[%csl Rd7][%cal Gc4e5]} 28. Re1+ Kf8 29. Rd1 Ke7 30. Re1+ {
A positional draw. Both players have to repeat the moves.} 1/2-1/2